000
00319nam a22001337a 4500
008
170714b xxu||||| |||| 00| 0 eng d
020
_a
9780060158620
041
_a
eng
080
_a
030
100
_a
24
101
_a
FJA
245
_a
MORRIS DICTIONARY WORLD AND PHRASE ORIGINS
_c
MORIS.M
942
_2
udc
_c
BK
999
_c
20882
_d
20882